| 000 | 00347nam a2200133Ia 4500 | ||
|---|---|---|---|
| 008 | 240624s9999 xx 000 0 und d | ||
| 041 | _aeng | ||
| 082 | _a333.79 VAI | ||
| 100 | _aVAITHEESWARAN VIJAY V | ||
| 245 | _aPOWER TO THE PEOPLE HOW THE COMING EBERG | ||
| 260 |
_c2007 _aLondon _bEarthscan |
||
| 300 | _a358 : p. : cm. ; 23 | ||
| 365 |
_cRS _b32 |
||
| 999 |
_c9170 _d9170 |
||